000 00665nam a22002057a 4500
003 SISC
005 20160204085354.0
008 130823t xxu||||| |||| 00| 0 eng d
020 _a9780823935529
050 _aRD 118.7
_b.Al42 2002
082 _aHS 617.95
_b.Al1 2002
100 _aAlagna, Magdalena.
_99975
245 _aEverything you need to know about the dangers of cosmetic surgery /
_cMagdalena Alagna
250 _a1st edition
260 _aNew York :
_bThe Rosen Publishing Group,
_cc2002.
300 _a64 p, :
_bill, ;
_c24 cm.
650 _aSurgery, Plastic.
_xComplications.
_xJuvenile literature.
_912890
942 _2lcc
_cBK
999 _c9231
_d9231